Modelovanie dopytu v Exceli
Numerická analýza rastu dopytu po produktoch dlhodobej spotreby. Výsledok analýzy - náklady vložené do reklamy sa firme vracajú ako zvýšený dopyt po jej výrobkoch.
Na minha lista:
| Autor principal: | |
|---|---|
| Formato: | Capítulo de Livro |
| Idioma: | eslovaco |
| Assuntos: | |
| Tags: |
Sem tags, seja o primeiro a adicionar uma tag!
|
MARC
| LEADER | 00000nla$a2200000$$$4500 | ||
|---|---|---|---|
| 001 | 0078842 | ||
| 005 | 20240502083215.9 | ||
| 041 | 0 | |a slo | |
| 044 | |a CZ | ||
| 245 | 1 | 0 | |a Modelovanie dopytu v Exceli |c Arnold Dávid |
| 520 | |a Numerická analýza rastu dopytu po produktoch dlhodobej spotreby. Výsledok analýzy - náklady vložené do reklamy sa firme vracajú ako zvýšený dopyt po jej výrobkoch. | ||
| 610 | 2 | 0 | |a modelovanie matematické |
| 610 | 2 | 0 | |a modely matematické |
| 610 | 2 | 0 | |a analýzy |
| 610 | 2 | 0 | |a dopyt |
| 610 | 2 | 0 | |a reklama |
| 610 | 2 | 0 | |a produkty |
| 610 | 2 | 0 | |a služby |
| 100 | 1 | |a Dávid, Arnold | |